000 01221cam a2200349 a 4500
001 1931
003 FISKH
005 20231019091010.0
008 080306s2008 nyu c 000 1 eng
010 _a 2008001385
020 _a9781338043426
040 _aDLC
_cDLC
_dDLC
_beng
042 _alcac
050 0 0 _aPZ7.L97914
_bLo 2008
082 0 0 _a813.54
_222
100 1 _aLupica, Mike.
245 1 0 _aLong shot :
_ba comeback kids novel /
_cMike Lupica.
260 _aNew York :
_bScholastic,
_c2008.
300 _a182 pages :
_c20 cm
505 _aZ
520 _aPedro, an avid basketball player, decides to run for class president, challenging a teammate who is also one of the most popular boys in school.
521 8 _a910
_bLexile
521 8 _aZ
_bRaz-Plus
650 1 _aCompetition
_vFiction.
650 1 _aBasketball
_vFiction.
650 1 _aSelf-confidence
_vFiction.
650 1 _aSchools
_vFiction.
650 1 _aMexican Americans
_vFiction.
906 _a7
_bcbc
_corignew
_d1
_eecip
_f20
_gy-gencatlg
942 _2ddc
_cBK
_n0
999 _c1931
_d1931